00488nam a2200157 a 450000100100000000500170001000800410002704000250006808200150009310000250010824500780013326000430021130000200025449000280027483000280030200003126520200930062818.0110617s2010 dr 000 0 spa d aDO-SdBNPbspacBNPHU axxxxbC3521 aCastillo, Pelegrín10aFuerza Nacional Progresista :bDe cara al futuro. /cPelegrín Castillo. aSanto Domingo :bAmigo Hogar,c[201?]. a36 p. ;c21 cm.1 aPensamiento progresista 0aPensamiento progresista